|
|
|
|
| LEADER |
00926nam#a2200265#a#4500 |
| 001 |
004650 |
| 005 |
20160721143254.0 |
| 008 |
981020s1980####xxu#################eng#d |
| 040 |
|
|
|a AR-beUNQ
|
| 099 |
|
|
|a 16-C25
|
| 100 |
1 |
|
|a Chenery, Hollis B
|
| 245 |
0 |
2 |
|a Interactions between industrialization and exports
|c Hollis B. Chenery.
|
| 260 |
|
|
|a Washington D.C :
|b Banco Mundial,
|c 1980
|
| 300 |
|
|
|a 281-287 p. :
|b gráficos, tablas
|
| 490 |
0 |
|
|a World Bank reprint series ;
|v v. 150
|
| 500 |
|
|
|a Separata de : American economic review (v.70, no.2)
|
| 650 |
|
7 |
|a ECONOMIA
|2 Spines
|
| 650 |
|
7 |
|a COMERCIO INTERNACIONAL
|2 Spines
|
| 650 |
|
7 |
|a INDUSTRIALIZACION
|2 Spines
|
| 650 |
|
7 |
|a EXPORTACION
|2 Spines
|
| 650 |
|
7 |
|a DESARROLLO INDUSTRIAL
|2 Spines
|
| 650 |
|
7 |
|a POLITICA COMERCIAL (INTERNACIONAL)
|2 Spines
|
| 929 |
|
|
|a COMPRA
|b Secretaría de Planificación
|d 4,00E
|e 19981020
|g Exp. 0387/98
|j 22458
|
| 942 |
|
|
|c LIB
|n 0
|
| 999 |
|
|
|c 7418
|d 82805
|